| 000 | 00819cam a2200229 a 4500 | ||
|---|---|---|---|
| 001 | 000011526 | ||
| 005 | 20200929162500.0 | ||
| 008 | 940204s1992 sp a b 000 0 spa d | ||
| 020 | _a8479520728 | ||
| 040 |
_aDO-SdBNP _bspa _cLC _dBNPHU |
||
| 082 |
_a620.46 _bG643i |
||
| 100 | 1 |
_aGonzález Tascón, Ignacio, _d1947-2006 _927264 |
|
| 245 | 1 | 0 |
_aIngeniería española en Ultramar : _bsiglos XVI-XIX / _cIgnacio González Tascón. |
| 260 |
_a[Madrid] : _bCEHOPU; _bCEDEX; _bMOPT; _bColegio de Ingenieros de Caminos, Canales y Puertos, _c1992. |
||
| 300 |
_a2 v. : _bil. ; _c31 cm. |
||
| 650 | 4 |
_aIngeniería _zEspaña _xHistoria _927265 |
|
| 650 | 4 |
_aAsistencia técnica _zEspaña _xHistoria _927266 |
|
| 650 | 4 |
_aIngeniería civil _xHistoria _927267 |
|
| 910 | _aCatalogación por copia / LC | ||
| 910 | _aWM | ||
| 049 | _aBNGR | ||
| 999 |
_c11222 _d11222 |
||